00556nam a2200145Ia 4500008004100000024001800041082002300059100005800082245005500140260002500195600002700220650003300247952011300280999001700393250506s9999 xx 000 0 und d aNot available a668.4126298072 SYE aSyed Faiz Ahmed, Ahmed Ali Shams & Muhammad Azam Khan 0aIndustrial Automation of Injection Molding Machine aKarachi:bUIT,c2001 aElectronic Engineering aBachelor of Engineering (BE) 001040708PR-EEaUITUbUITUd2022-07-26l0o668.4126298072 SYEpEE-36r2025-05-06 11:34:16w2025-05-06yPR c28108d28108